Biathlètes à la Coupe du Monde depuis 2015-2016 (Hommes) - Statistiques

Statistiques générales
  • Ce quiz a été pris 20 fois
  • Le résultat moyen est 16 sur 451
Statistiques - réponses
Biathlète Nationalité Nombre de départ en Coupe du Monde
(depuis 2015-2016)
% Correct
Martin Fourcade France 94
77%
Quentin Fillon Maillet France 211
69%
Antonin Guigonnat France 162
62%
Emilien Jacquelin France 156
62%
Eric Perrot France 78
62%
Lukas Hofer Italie 177
62%
Fabien Claude France 154
54%
Sebastian Samuelsson Suède 160
54%
Simon Eder Autriche 189
54%
Simon Desthieux France 140
46%
Simon Fourcade France 50
46%
Tarjei Boe Norvège 175
46%
Emilien Claude France 47
38%
Michal Krcmar République Tchèque 195
38%
Campbell Wright Etats-Unis 64
31%
Jesper Nelin Suède 156
31%
Johannes Thingnes Boe Norvège 184
31%
Martin Ponsiluoma Suède 141
31%
Oscar Lombardot France 29
31%
Simon Schempp Allemagne 76
31%
Sturla Holm Laegreid Norvège 114
31%
Benedikt Doll Allemagne 184
23%
Dominik Windisch Italie 121
23%
Florent Claude Belgique 134
23%
Jean Guillaume Beatrix France 46
23%
Johannes Dale Norvège 107
23%
Martin Uldal Norvège 22
23%
Tero Seppala Finlande 135
23%
Tommaso Giacomel Italie 102
23%
Andrejs Rastorgujevs Lettonie 156
15%
Anton Shipulin Russie 62
15%
Didier Bionaz Italie 86
15%
Dominik Landertinger Autriche 67
15%
Erik Lesser Allemagne 120
15%
Jakov Fak Slovénie 154
15%
Ole Einar Bjoerndalen Norvège 47
15%
Ondrej Moravec République Tchèque 100
15%
Philipp Nawrath Allemagne 111
15%
Vladimir Iliev Bulgarie 151
15%
Andreas Birnbacher Allemagne 17
8%
Anton Babikov Russie 59
8%
Arnd Peiffer Allemagne 113
8%
Benjamin Weger Suisse 124
8%
Daniel Mesotitsch Autriche 31
8%
David Komatz Autriche 112
8%
Dmitry Malyshko Russie 57
8%
Eduard Latypov Russie 54
8%
Emil Hegle Svendsen Norvège 39
8%
Endre Stroemsheim Norvège 57
8%
Evgenii Garanichev Russie 104
8%
George Buta Roumanie 108
8%
Henrik L'Abee-Lund Norvège 63
8%
Isak Frey Norvège 13
8%
Johannes Kuehn Allemagne 148
8%
Johan-Olav Botn Norvège 15
8%
Julian Eberhard Autriche 108
8%
Justus Strelow Allemagne 76
8%
Klemen Bauer Slovénie 89
8%
Krasimir Anev Bulgarie 67
8%
Lovro Planko Slovénie 54
8%
Lowell Bailey Etats-Unis 51
8%
Lucas Fratzscher Allemagne 21
8%
Maxime Germain Etats-Unis 37
8%
Michael Roesch Allemagne 37
8%
Michal Slesingr République Tchèque 65
8%
Niklas Hartweg Suisse 68
8%
Patrick Braunhofer Italie 46
8%
Philipp Horn Allemagne 91
8%
Renars Birkentals Lettonie 42
8%
Rene Zahkna Estonie 117
8%
Roman Rees Allemagne 109
8%
Sean Doherty Etats-Unis 146
8%
Sebastian Stalder Suisse 85
8%
Sivert Guttorm Bakken Norvège 28
8%
Sondre Slettemark Groenland 7
8%
Sverre Dahlen Aspenes Norvège 6
8%
Tim Burke Etats-Unis 46
8%
Valentin Lejeune France 2
8%
Vebjoern Soerum Norvège 37
8%
Vetle Sjaastad Christiansen Norvège 146
8%
Vytautas Strolia Lituanie 152
8%
Adam Runnalls Canada 66
0%
Adam Vaclavik République Tchèque 92
0%
Ahti Toivanen Finlande 4
0%
Aidan Millar Canada 17
0%
Ajlan Rastic Serbie 1
0%
Aleksander Fjeld Andersen Norvège 24
0%
Aleksandrs Patrijuks Lettonie 70
0%
Aleksandr Starodubets Corée du Sud 10
0%
Alexander Os Norvège 7
0%
Alexander Povarnitsyn Russie 21
0%
Alexandr Loginov Russie 89
0%
Alexandr Mukhin Kazakhstan 61
0%
Alex Cisar Slovénie 23
0%
Alexey Kornev Russie 1
0%
Alexey Slepov Russie 20
0%
Alexey Volkov Russie 14
0%
Alex Howe Etats-Unis 7
0%
Aliaksandr Darozhka Biélorussie 8
0%
Anatoly Oskin Roumanie 3
0%
Andrei Usov Moldavie 4
0%
Andriy Dotsenko Ukraine 3
0%
Andrzej Nedza-Kubiniec Pologne 62
0%
Anton Dudchenko Ukraine 83
0%
Anton Ivarsson Suède 11
0%
Anton Pantov Kazakhstan 22
0%
Anton Sinapov Bulgarie 112
0%
Anton Smolski Biélorussie 63
0%
Anton Vidmar Slovénie 54
0%
Apostolos Aggelis Grèce 52
0%
Aristide Begue France 6
0%
Arnaud du Pasquier Suisse 2
0%
Artem Pryma Ukraine 122
0%
Artem Tyshchenko Ukraine 50
0%
Arttu Heikkinen Finlande 9
0%
Artur Iskhakov Slovaquie 4
0%
Asset Dyussenov Kazakhstan 34
0%
Blagoy Todev Bulgarie 49
0%
Bogdan Borkovski Ukraine 7
0%
Bogdan Tsymbal Ukraine 46
0%
Brendan Green Canada 43
0%
Cang Gu Chine 9
0%
Carsen Campbell Canada 4
0%
Cesar Beauvais Belgique 23
0%
Christian de Lorenzi Italie 13
0%
Christian Gow Canada 118
0%
Christoph Pircher Italie 2
0%
Chunya Zhang Chine 5
0%
Cornel Puchianu Roumanie 73
0%
Dajan Danuser Suisse 14
0%
Damian Cesnek Slovaquie 12
0%
Damir Rastic Serbie 29
0%
Damon Morton Australie 2
0%
Daniel Boehm Allemagne 11
0%
Daniele Cappellari Italie 30
0%
Daniele Fauner Italie 5
0%
Daniel Gilfillan Canada 1
0%
Daniel Gustavsson Suède 2
0%
Daniil Serokhvostov Russie 12
0%
Danil Beletskiy Kazakhstan 10
0%
Danilo Riethmueller Allemagne 31
0%
Dastan Deldesh Kazakhstan 1
0%
Daumants Lusa Lettonie 20
0%
David Zingerle Italie 7
0%
David Zobel Allemagne 55
0%
Denis Serban Roumanie 8
0%
Denys Nasyko Ukraine 16
0%
Dimitar Gerdzhikov Bulgarie 67
0%
Dimitar Partalov Bulgarie 3
0%
Dmitrii Shamaev Roumanie 56
0%
Dmitriy Dyuzhev Biélorussie 13
0%
Dmitry Rusinov Ukraine 3
0%
Dmytro Grushchak Ukraine 1
0%
Dmytro Pidruchnyi Ukraine 148
0%
Dominic Unterweger Autriche 16
0%
Dujin Choi Corée du Sud 28
0%
Dzmitry Abasheu Biélorussie 12
0%
Dzmitry Lazouski Biélorussie 25
0%
Edgars Mise Lettonie 44
0%
Edin Hodzic Serbie 11
0%
Einar Hedegart Norvège 2
0%
Elia Zeni Italie 39
0%
Eligius Tambornino Suisse 14
0%
Emil Nykvist Suède 27
0%
Enkhsaikhan Enkhbat Mongolie 3
0%
Erland Bjoentegaard Norvège 91
0%
Fabian Hoerl Autriche 4
0%
Fabian Muellauer Autriche 13
0%
Fabian Suchodolski Pologne 7
0%
Fangming Cheng Chine 20
0%
Felix Leitner Autriche 125
0%
Filip Fjeld Andersen Norvège 35
0%
Florian Graf Allemagne 13
0%
Florin-Catalin Buta Roumanie 1
0%
Fredrik Gjesbakk Norvège 6
0%
Fredrik Lindstroem Suède 51
0%
Fredrik Muehlbacher Autriche 10
0%
Friedrich Pinter Autriche 3
0%
Gabriel Stegmayr Suède 9
0%
George Coltea Roumanie 37
0%
Georgi Dzhorgov Bulgarie 1
0%
Gheorghe Pop Roumanie 5
0%
Gion Stalder Suisse 8
0%
Giuseppe Montello Italie 27
0%
Grzegorz Galica Pologne 4
0%
Grzegorz Guzik Pologne 87
0%
Guoqiang Ma Chine 3
0%
Haavard Gutuboe Bogetveit Norvège 3
0%
Haldan Borglum Canada 3
0%
Harald Lemmerer Autriche 37
0%
Heikki Laitinen Finlande 32
0%
Henning Sjokvist Suède 3
0%
Igor Malinovskii Russie 2
0%
Ilia Gavrilov Russie 1
0%
Ilmars Bricis Lettonie 13
0%
Inbok Lee Corée du Sud 8
0%
Ingus Deksnis Lettonie 4
0%
Ivan Darin Kazakhstan 2
0%
Ivan Joller Suisse 5
0%
Ivan Tcherezov Russie 1
0%
Jaakko Ranta Finlande 59
0%
Jacob Weel Rosbo Danemark 4
0%
Jacques Jefferies Royaume-Uni 2
0%
Jake Brown Etats-Unis 82
0%
Jakob Kulbin Estonie 15
0%
Jakub Borgula Slovaquie 10
0%
Jakub Stvrtecky République Tchèque 86
0%
James Pacal Suisse 5
0%
Jan Gunka Pologne 41
0%
Jan Treier Estonie 5
0%
Jaroslav Soukup République Tchèque 29
0%
Jasper Fleming Canada 7
0%
Jeremy Finello Suisse 110
0%
Jimi Klemettinen Finlande 5
0%
Jinle Tang Chine 6
0%
Jin Nakajima Japon 4
0%
Joachim Weel Rosbo Danemark 1
0%
Johan Taliharm Estonie 2
0%
Jokubas Mackine Lituanie 10
0%
Jonas Marecek République Tchèque 48
0%
Jongmin Kim Corée du Sud 17
0%
Joni Mustonen Finlande 9
0%
Jonni Mukkala Finlande 7
0%
Joscha Burkhalter Suisse 69
0%
Jules Burnotte Canada 38
0%
Julien Petitjacques Belgique 2
0%
Junji Nagai Japon 7
0%
Juri Uha Estonie 1
0%
Kacper Gunka Pologne 5
0%
Kalev Ermits Estonie 71
0%
Kalle Loukkaanhuhta Finlande 2
0%
Karol Dombrovski Lituanie 93
0%
Kasper Kalkenberg Norvège 1
0%
Kauri Koiv Estonie 25
0%
Kazuki Baisho Japon 6
0%
Kazuya Inomata Japon 1
0%
Keita Nagaoka Japon 3
0%
Kevin Plessnitzer Autriche 1
0%
Kirill Bauer Kazakhstan 12
0%
Kirill Streltsov Russie 9
0%
Kirils Matjuhins Lettonie 2
0%
Kiyomasa Ojima Japon 9
0%
Konrad Badacz Pologne 29
0%
Konstantin Vasilev Bulgarie 11
0%
Kosuke Ozaki Japon 44
0%
Kresimir Crnkovic Croatie 58
0%
Kristiyan Stoyanov Bulgarie 1
0%
Kristo Siimer Estonie 54
0%
Krzystof Plywaczyk Pologne 2
0%
Lars Helge Birkeland Norvège 65
0%
Laurin Fravi Suisse 3
0%
Leif Nordgren Etats-Unis 75
0%
Lenart Oblak Slovénie 19
0%
Linas Banys Lituanie 25
0%
Logan Pletz Canada 23
0%
Lorenz Waeger Autriche 14
0%
Lucas Pitzer Autriche 3
0%
Lukas Kristejn République Tchèque 2
0%
Lukasz Szczurek Pologne 53
0%
Macx Davies Canada 25
0%
Magnus Oberhauser Autriche 15
0%
Maksim Fomin Lituanie 38
0%
Maksim Makarov Moldavie 39
0%
Maksim Tsvetkov Russie 65
0%
Maksim Varabei Biélorussie 55
0%
Maksym Ivko Ukraine 1
0%
Malte Stefansson Suède 50
0%
Marcel Laponder Royaume-Uni 9
0%
Marcin Szwajnos Pologne 9
0%
Marcin Zawol Pologne 30
0%
Marco Barale Italie 1
0%
Marco Gross Allemagne 1
0%
Marcus Webb Royaume-Uni 4
0%
Marek Mackels Belgique 13
0%
Mario Dolder Suisse 60
0%
Marius Ungureanu Roumanie 1
0%
Mark-Markos Kehva Estonie 10
0%
Marten Aolaid Estonie 3
0%
Martin Jaeger Suisse 47
0%
Martin Matko Slovaquie 2
0%
Martin Otcenas Slovaquie 55
0%
Martin Perrillat Bottonet France 2
0%
Martin Remmelg Estonie 13
0%
Masaharu Yamamoto Japon 5
0%
Matej Baloga Slovaquie 9
0%
Matej Kazar Slovaquie 52
0%
Mateusz Janik Pologne 14
0%
Matic Bradesko Slovénie 4
0%
Matic Repnik Slovénie 7
0%
Matija Legovic Croatie 7
0%
Matiss Meirans Lettonie 2
0%
Matthew Hudec Canada 3
0%
Matthew Neumann Canada 1
0%
Matthew Strum Canada 2
0%
Matthias Bischl Allemagne 11
0%
Matthias Dorfer Allemagne 3
0%
Matthias Riebli Suisse 1
0%
Matti Hakala Finlande 5
0%
Matvei Eliseev Russie 90
0%
Max Durtschi Etats-Unis 8
0%
Maxim Braun Kazakhstan 26
0%
Mehis Udam Estonie 7
0%
Melker Nordgren Suède 4
0%
Michael Willeitner Allemagne 3
0%
Michail Kletcherov Bulgarie 14
0%
Michal Kubaliak Slovaquie 6
0%
Michal Sima Slovaquie 70
0%
Miha Dovzan Slovénie 134
0%
Mihail Usov Moldavie 49
0%
Mikael Koivunen Finlande 2
0%
Mikita Labastau Biélorussie 25
0%
Mikito Tachizaki Japon 91
0%
Mikko Loukkaanhuhta Finlande 5
0%
Mikulas Karlik République Tchèque 41
0%
Milan Zemlicka République Tchèque 9
0%
Miroslav Matiasko Slovaquie 9
0%
Mitja Drinovec Slovénie 25
0%
Nathan Smith Canada 30
0%
Nicola Romanin Italie 1
0%
Nikita Akimov Kazakhstan 1
0%
Nikita Cigak Lituanie 5
0%
Nikita Porshnev Russie 13
0%
Nikita Romanov Lituanie 3
0%
Nikolaos Tsourekas Grèce 6
0%
Oleksandr Zhyrnyi Ukraine 25
0%
Olli Hiidensalo Finlande 108
0%
Ondrej Hosek République Tchèque 1
0%
Oscar Andersson Suède 2
0%
Oskar Brandt Suède 29
0%
Oskars Muiznieks Lettonie 9
0%
Otto Invenius Finlande 41
0%
Patrick Jakob Autriche 42
0%
Patryk Bryn Pologne 1
0%
Paul Schommer Etats-Unis 59
0%
Pavel Magazeev Moldavie 62
0%
Peppe Femling Suède 92
0%
Peter Brunner Autriche 2
0%
Petr Hak République Tchèque 2
0%
Petr Pashchenko Russie 7
0%
Petr Yermolenko Kazakhstan 3
0%
Phoenix Sparke Australie 1
0%
Pjotr Karel A Dielen Belgique 4
0%
Przemyslaw Pancerz Pologne 8
0%
Rafal Penar Pologne 7
0%
Raido Raenkel Estonie 43
0%
Raman Yaliotnau Biélorussie 82
0%
Rasmus Schiellerup Danemark 2
0%
Rasmus Tiislar Estonie 1
0%
Raul Flore Roumanie 37
0%
Remus Faur Roumanie 29
0%
Rihards Lozbers Lettonie 2
0%
Robert Heldna Estonie 23
0%
Roberto Piqueras Espagne 7
0%
Roberts Slotins Lettonie 40
0%
Rokas Suslavicius Lituanie 5
0%
Rok Trsan Slovénie 76
0%
Roland Lessing Estonie 26
0%
Rolands Puzulis Lettonie 1
0%
Roman Yeremin Kazakhstan 35
0%
Rudis Balodis Lettonie 4
0%
Rudy Zini Italie 1
0%
Ruslan Tkalenko Ukraine 34
0%
Russell Currier Etats-Unis 9
0%
Ryu Yamamoto Japon 4
0%
Said Karimulla Khalili Russie 26
0%
Sami Orpana Finlande 7
0%
Sam Parmantier Belgique 2
0%
Sandro Bovisi Suisse 2
0%
Sangrea Kim Corée du Sud 1
0%
Saverio Zini Italie 3
0%
Scott Dixon Royaume-Uni 24
0%
Scott Gow Canada 96
0%
Scott Perras Canada 3
0%
Semen Suchilov Russie 5
0%
Seonhoe Heo Corée du Sud 4
0%
Serafin Wiestner Suisse 80
0%
Sergey Bocharnikov Biélorussie 73
0%
Sergey korastylev Russie 2
0%
Sergey Sirik Kazakhstan 12
0%
Sergii Semenov Ukraine 58
0%
Shohei Kodama Japon 5
0%
Simon Adamov Slovaquie 5
0%
Simon Bartko Slovaquie 38
0%
Simon Hallstroem Suède 6
0%
Simon Kaiser Allemagne 16
0%
Sindre Fjellheim Jorde Norvège 1
0%
Sindre Pettersen Norvège 4
0%
Stavre Jada Macédoine du Nord 1
0%
Su-Young Lee Corée du Sud 3
0%
Sven Grossegger Autriche 28
0%
Taras Lesiuk Ukraine 38
0%
Ted Armgren Suède 12
0%
Teemu Huhtala Finlande 4
0%
Thierry Chenal Italie 18
0%
Thierry Langer Belgique 87
0%
Thomas Bormolini Italie 98
0%
Thorsten Langer Belgique 2
0%
Tiio Soderhielm Suède 2
0%
Timofei Lapshin Corée du Sud 80
0%
Timofei Lapshin Russie 4
0%
Timur Khamitgatin Kazakhstan 8
0%
Timur Kuts Kazakhstan 8
0%
Timur Makhambetov Russie 1
0%
Tobias Arwidson Suède 6
0%
Tobias Eberhard Autriche 30
0%
Tomas Hasilla Slovaquie 65
0%
Tomas Kaukenas Lituanie 88
0%
Tomas Krupcik République Tchèque 45
0%
Tomas Mikyska République Tchèque 28
0%
Tomas Sklenarik Slovaquie 31
0%
Tomasz Jakiela Pologne 12
0%
Tom Lahaye-Goffart Belgique 14
0%
Torstein Stenersen Suède 40
0%
Travis Cooper Etats-Unis 10
0%
Trevor Kiers Canada 17
0%
Tsukasa Kobonoki Japon 58
0%
Tuomas Gronman Finlande 42
0%
Tuomas Harjula Finlande 49
0%
Turkka Nieminen Finlande 2
0%
Tuudor Palm Estonie 3
0%
Tuukka Invenius Finlande 3
0%
Vaclav Cervenka Etats-Unis 14
0%
Vadim Kurales Kazakhstan 11
0%
Vasil Zashev Bulgarie 12
0%
Vassiliy Podkorytov Kazakhstan 29
0%
Vegard Gjermundshaug Norvège 4
0%
Victor Brandt Suède 31
0%
Viktar Kryuko Biélorussie 5
0%
Vincent Bonacci Etats-Unis 13
0%
Visilii Tomshin Russie 6
0%
Vitaliy Kilchytskyy Ukraine 24
0%
Vitaliy Mandzyn Ukraine 34
0%
Vitaliy Trush Ukraine 1
0%
Vitezlav Hornig République Tchèque 47
0%
Vladimir Chepelin Biélorussie 44
0%
Vladimir Oryashkov Bulgarie 5
0%
Vladimir Semakov Ukraine 33
0%
Vladislav Kireyev Kazakhstan 49
0%
Vladislav Vitenko Kazakhstan 24
0%
Wenqiang Wang Chine 5
0%
Wojciech Filip Pologne 4
0%
Wojciech Skorusa Pologne 11
0%
Xingyuan Yan Chine 34
0%
Xuezhi Li Chine 3
0%
Yan Savitskiy Kazakhstan 26
0%
Yaroslav Neverov Estonie 3
0%
Yonggyu Kim Corée du Sud 21
0%
Yuryi Liadov Biélorussie 6
0%
Yury Shopin Russie 10
0%
Zachary Connelly Canada 11
0%
Zhenyu Zhu Chine 3
0%
Aucun quiz correspondant
Distribution des résultats
% des personnes avec chaque résultat
Percentile par nombre de réponses
Votre historique - résultats
Vous n’avez pas pris ce quiz